[Event "IECC TH-M email"]
[Site "IECC email"]
[Date "2002.05.12"]
[Round "?"]
[White "Malm, Art"]
[Black "Taner, Harun"]
[Result "1/2-1/2"]
[WhiteElo "1788"]
[BlackElo "1571"]
[PlyCount "44"]
[EventDate "2002.??.??"]
[EventType "match (corr)"]
[EventRounds "2"]
[SourceTitle "Corr 2008"]
[Source "ChessBase"]
[SourceDate "2008.06.24"]
[SourceVersion "1"]
[SourceVersionDate "2008.06.24"]
[SourceQuality "1"]

1. e4 e5 2. Nf3 Nc6 3. Bb5 a6 4. Ba4 d6 5. c3 f5 6. d3 fxe4 7. dxe4 Nf6 8. 0-0 Be7 9. Re1 0-0 10. Bb3+ Kh8 11. Ng5 Qe8 12. Ne6 Bxe6 13. Bxe6 Nd8 14. Bh3 Qh5 15. Qd3 Nf7 16. c4 Ng5 17. Bxg5 Qxg5 18. Nc3 Nh5 19. Nd5 Nf4 20. Nxf4 Rxf4 21. Re2 Raf8 22. Bf5 g6 1/2-1/2

[Event "IECC CL3-2002.04"]
[Site "IECC email"]
[Date "2002.01.29"]
[Round "?"]
[White "Keiper, Archie"]
[Black "Malm, Art"]
[Result "0-1"]
[WhiteElo "1875"]
[BlackElo "1722"]
[PlyCount "64"]
[EventDate "2002.??.??"]
[EventType "tourn (corr)"]
[EventRounds "4"]
[SourceTitle "Corr 2008"]
[Source "ChessBase"]
[SourceDate "2008.06.24"]
[SourceVersion "1"]
[SourceVersionDate "2008.06.24"]
[SourceQuality "1"]

1. e4 c5 2. d4 cxd4 3. f4 Nc6 4. Nf3 e5 5. c3 Nf6 6. fxe5 Nxe4 7. Nbd2 Nc5 8. cxd4 Nxd4 9. Nxd4 Qh4+ 10. g3 Qxd4 11. Nf3 Qb4+ 12. Bd2 Qxb2 13. Rc1 Ne4 14. Rc4 Nxd2 15. Qxd2 Qxd2+ 16. Nxd2 b5 17. Rc7 Kd8 18. Rc2 Bb7 19. Rg1 Bb4 20. Bg2 Rc8 21. Rxc8+ Bxc8 22. Rf1 Rf8 23. Ke2 Bc3 24. Be4 Bxe5 25. Bxh7 Rh8 26. Nf3 Rxh7 27. Nxe5 Rxh2+ 28. Rf2 Rxf2+ 29. Kxf2 Ke7 30. Ke3 Bb7 31. g4 a5 32. a3 Ke6 0-1

[Event "IECC CL3-2002.04"]
[Site "IECC email"]
[Date "2002.01.29"]
[Round "?"]
[White "Malm, Art"]
[Black "Meijer, Wilmar"]
[Result "1-0"]
[WhiteElo "1701"]
[BlackElo "1823"]
[PlyCount "22"]
[EventDate "2002.??.??"]
[EventType "tourn (corr)"]
[EventRounds "4"]
[SourceTitle "Corr 2008"]
[Source "ChessBase"]
[SourceDate "2008.06.24"]
[SourceVersion "1"]
[SourceVersionDate "2008.06.24"]
[SourceQuality "1"]

1. d4 d6 2. Nc3 Nf6 3. e4 Nbd7 4. Nf3 e5 5. Bc4 Be7 6. 0-0 h6 7. Be3 c6 8. a4 Qc7 9. Qe2 g5 10. Ba2 Rg8 11. a5 Nf8 1-0

[Event "IECC CL3-2001.40"]
[Site "IECC email"]
[Date "2001.12.01"]
[Round "?"]
[White "Malm, Art"]
[Black "Perez, Maria Jose"]
[Result "0-1"]
[WhiteElo "1775"]
[BlackElo "2009"]
[PlyCount "68"]
[EventDate "2001.??.??"]
[EventType "tourn (corr)"]
[EventRounds "4"]
[SourceTitle "Corr 2008"]
[Source "ChessBase"]
[SourceDate "2008.06.24"]
[SourceVersion "1"]
[SourceVersionDate "2008.06.24"]
[SourceQuality "1"]

1. Nf3 Nf6 2. d4 g6 3. c4 Bg7 4. Nc3 c5 5. dxc5 Na6 6. Be3 Ng4 7. Bd4 e5 8. Nxe5 Bxe5 9. e3 d6 10. cxd6 Qxd6 11. Be2 Nf6 12. Bf3 0-0 13. Bxe5 Qxe5 14. 0-0 Be6 15. Bxb7 Rad8 16. Bxa6 Rxd1 17. Rfxd1 Ng4 18. g3 Qh5 19. h4 g5 20. Nd5 gxh4 21. Rd4 Bxd5 22. Rxd5 f5 23. Rd2 hxg3 24. fxg3 Qh3 25. Rg2 Nxe3 26. Bb7 Nxg2 27. Bxg2 Qxg3 28. Kf1 Re8 29. Rd1 Qf4+ 30. Kg1 Re2 31. Rd8+ Kg7 32. Rd7+ Kg6 33. Rd6+ Qxd6 34. Kh1 Qg3 0-1

[Event "IECC CL3-2001.38"]
[Site "IECC email"]
[Date "2001.11.18"]
[Round "?"]
[White "Malm, Art"]
[Black "Graff, John V"]
[Result "0-1"]
[WhiteElo "1824"]
[BlackElo "1949"]
[PlyCount "126"]
[EventDate "2001.??.??"]
[EventType "tourn (corr)"]
[EventRounds "4"]
[SourceTitle "Corr 2008"]
[Source "ChessBase"]
[SourceDate "2008.06.24"]
[SourceVersion "1"]
[SourceVersionDate "2008.06.24"]
[SourceQuality "1"]

1. e4 c6 2. d4 d5 3. Nc3 dxe4 4. Nxe4 Nd7 5. Bc4 Nb6 6. Bb3 Bf5 7. Ng3 Bg6 8. h4 h6 9. Nf3 e6 10. Ne5 Bh7 11. Qe2 Qc7 12. Bf4 Bd6 13. Nxf7 Bb4+ 14. c3 Qxf7 15. Nh5 Be7 16. Bxe6 Qf8 17. d5 Nf6 18. dxc6 bxc6 19. 0-0-0 Bg6 20. Nxf6+ Qxf6 21. Bg3 Bf7 22. Bxf7+ Kxf7 23. Rd4 Nd5 24. Re1 Rhe8 25. Qc4 Kf8 26. Be5 Qf5 27. Qxc6 Qxf2 28. Ree4 Nf6 29. Rd2 Qg1+ 30. Rd1 Qb6 31. Qxb6 axb6 32. Bxf6 Bxf6 33. Rxe8+ Kxe8 34. Rd6 Rxa2 35. Rxb6 Bxh4 36. Rd6 Bg5+ 37. Kb1 Ra7 38. Rd4 Rd7 39. Rxd7 Kxd7 40. b4 h5 41. Kc2 Kc6 42. c4 Be7 43. Kb3 g5 44. b5+ Kc5 45. Kc3 Bd8 46. Kd3 h4 47. Ke4 Kxc4 48. Kf3 Kxb5 49. Kg4 Kc4 50. Kh5 Kd3 51. Kg4 Ke4 52. g3 hxg3 53. Kxg3 Kf5 54. Kf3 g4+ 55. Ke3 Bh4 56. Ke2 Ke4 57. Kd2 g3 58. Kc3 g2 59. Kb4 g1Q 60. Kb5 Kd5 61. Ka5 Kc6 62. Kb4 Qc1 63. Kb3 Be7 0-1

[Event "IECC CL4-2001.33"]
[Site "IECC email"]
[Date "2001.11.01"]
[Round "?"]
[White "Morganti, Lionello"]
[Black "Malm, Art"]
[Result "0-1"]
[WhiteElo "1715"]
[BlackElo "1810"]
[PlyCount "52"]
[EventDate "2001.??.??"]
[EventType "tourn (corr)"]
[EventRounds "4"]
[SourceTitle "Corr 2008"]
[Source "ChessBase"]
[SourceDate "2008.06.24"]
[SourceVersion "1"]
[SourceVersionDate "2008.06.24"]
[SourceQuality "1"]

1. e4 c6 2. d4 d5 3. exd5 cxd5 4. c4 Nf6 5. Nc3 g6 6. Nf3 Bg7 7. Be2 0-0 8. 0-0 Be6 9. Ng5 Bf5 10. cxd5 Nxd5 11. Nxd5 Qxd5 12. Be3 Nc6 13. Qa4 Nxd4 14. Bc4 Qc6 15. Qxc6 Nxc6 16. Bc1 Rac8 17. Nf3 Bg4 18. Nd2 Nd4 19. Bd3 Rfd8 20. Ne4 Be2 21. Bxe2 Nxe2+ 22. Kh1 f5 23. Ng3 Nxc1 24. Raxc1 Rxc1 25. Rxc1 Rd2 26. b3 Rxa2 0-1

[Event "IECC CL4-2001.31"]
[Site "IECC email"]
[Date "2001.10.07"]
[Round "?"]
[White "Malm, Art"]
[Black "Lalonde, Michel"]
[Result "1-0"]
[WhiteElo "1821"]
[BlackElo "1610"]
[PlyCount "53"]
[EventDate "2001.??.??"]
[EventType "tourn (corr)"]
[EventRounds "4"]
[SourceTitle "Corr 2008"]
[Source "ChessBase"]
[SourceDate "2008.06.24"]
[SourceVersion "1"]
[SourceVersionDate "2008.06.24"]
[SourceQuality "1"]

1. e4 c6 2. d4 d5 3. Nc3 dxe4 4. Nxe4 Nf6 5. Nxf6+ exf6 6. c3 Be6 7. Bd3 Nd7 8. Nf3 g6 9. 0-0 Bg7 10. Re1 0-0 11. Qe2 Re8 12. Bf4 Bg4 13. Qxe8+ Qxe8 14. Rxe8+ Rxe8 15. Nd2 Nb6 16. Bg3 h5 17. h3 Bd7 18. Ne4 Nc4 19. Nxf6+ Bxf6 20. Bxc4 Bf5 21. f3 Kf8 22. Rd1 b5 23. Bf1 a5 24. Bd6+ Kg7 25. d5 cxd5 26. Bxb5 Rb8 27. Bxb8 1-0

[Event "IECC CL4-2001.20"]
[Site "IECC email"]
[Date "2001.06.23"]
[Round "?"]
[White "Malm, Art"]
[Black "Van der Mark, Niels"]
[Result "1-0"]
[WhiteElo "1769"]
[BlackElo "1607"]
[PlyCount "117"]
[EventDate "2001.??.??"]
[EventType "tourn (corr)"]
[EventRounds "4"]
[SourceTitle "Corr 2008"]
[Source "ChessBase"]
[SourceDate "2008.06.24"]
[SourceVersion "1"]
[SourceVersionDate "2008.06.24"]
[SourceQuality "1"]

1. e4 Nf6 2. e5 Nd5 3. d4 d6 4. Nf3 g6 5. Bc4 Nb6 6. Bb3 Bg7 7. Ng5 e6 8. Qf3 Qd7 9. Ne4 dxe5 10. Nf6+ Bxf6 11. Qxf6 Rg8 12. dxe5 Qd4 13. 0-0 N8d7 14. Qg5 Qxe5 15. Rd1 c6 16. Qxe5 Nxe5 17. Nd2 f5 18. Re1 Nf7 19. Nf3 Bd7 20. Be3 Nd5 21. Bd4 g5 22. c4 Nb4 23. Rad1 a5 24. a4 Bc8 25. Bb6 Ke7 26. Ne5 Nxe5 27. Rxe5 Kf6 28. Rxa5 Rxa5 29. Bxa5 c5 30. Bd8+ Kf7 31. Bc7 Kf6 32. h3 Na6 33. Bd8+ Kf7 34. Rd6 g4 35. h4 e5 36. a5 Be6 37. Ba4 Bxc4 38. Rd7+ Ke6 39. Bg5 h6 40. Bxh6 Bd5 41. Rh7 c4 42. Bd7+ Kf6 43. Bg5+ Rxg5 44. hxg5+ Kxg5 45. Bc8 Nc5 46. Rc7 Nb3 47. a6 bxa6 48. Bxa6 Nd4 49. Bxc4 Bc6 50. Rg7+ Kf4 51. b4 Ke4 52. Rg8 Bd5 53. Bxd5+ Kxd5 54. Rc8 Kd6 55. Kf1 Kd7 56. Rc4 Kd6 57. Rc3 f4 58. g3 f3 59. Rc8 1-0

[Event "IECC Y2KO email"]
[Site "IECC email"]
[Date "2000.10.26"]
[Round "?"]
[White "Buese, Ralf"]
[Black "Malm, Art"]
[Result "1-0"]
[WhiteElo "2122"]
[BlackElo "1782"]
[PlyCount "95"]
[EventDate "2000.??.??"]
[EventType "tourn (corr)"]
[EventRounds "2"]
[SourceTitle "Corr 2008"]
[Source "ChessBase"]
[SourceDate "2008.06.24"]
[SourceVersion "1"]
[SourceVersionDate "2008.06.24"]
[SourceQuality "1"]

1. Nf3 d5 2. g3 Nf6 3. Bg2 c6 4. 0-0 Bg4 5. d3 Nbd7 6. h3 Bxf3 7. Bxf3 e6 8. Nd2 Bd6 9. e4 0-0 10. Qe2 Qb6 11. Kh1 Rfe8 12. Bg2 Rac8 13. f4 e5 14. f5 Qa6 15. Qf3 Rcd8 16. g4 h6 17. h4 dxe4 18. dxe4 Nh7 19. Qg3 Ndf6 20. g5 hxg5 21. hxg5 Nh5 22. Qg4 Nf4 23. Rf2 Qb6 24. Rf1 Bc5 25. f6 g6 26. Nc4 Qa6 27. b3 Bd4 28. Bxf4 Bxa1 29. Rxa1 exf4 30. Qh4 Kh8 31. e5 Qb5 32. Qh6 Rg8 33. Rf1 Qc5 34. Kh2 Qf8 35. Qh4 Rd4 36. Rf3 Rg7 37. Nd6 Kg8 38. Rh3 Rd2 39. Ne4 f3 40. Nxd2 Qc5 41. Nxf3 Qf8 42. Qh6 c5 43. Nh4 c4 44. Bd5 Kh8 45. e6 Qb8+ 46. Kh1 Qf8 47. e7 Kg8 48. e8R 1-0

[Event "IECC Y2KO email"]
[Site "IECC email"]
[Date "1999.10.14"]
[Round "?"]
[White "Leanza, Marco Antonio"]
[Black "Malm, Art"]
[Result "0-1"]
[WhiteElo "1181"]
[BlackElo "1856"]
[PlyCount "36"]
[EventDate "1999.??.??"]
[EventType "tourn (corr)"]
[EventRounds "2"]
[SourceTitle "Corr 2008"]
[Source "ChessBase"]
[SourceDate "2008.06.24"]
[SourceVersion "1"]
[SourceVersionDate "2008.06.24"]
[SourceQuality "1"]

1. e4 e5 2. Nf3 Nf6 3. d4 Nxe4 4. Bd3 d5 5. Nxe5 Be7 6. 0-0 Nd7 7. Bf4 0-0 8. c4 c6 9. Nc3 Nxe5 10. Bxe5 Nxc3 11. bxc3 dxc4 12. Bxc4 Bf5 13. a4 Qd7 14. Qb3 Bg5 15. a5 Rae8 16. Rfd1 Bg6 17. Ra2 Re7 18. Qb4 Rxe5 0-1

[Event "IECC CL3-1999.34"]
[Site "IECC email"]
[Date "1999.08.25"]
[Round "?"]
[White "Malm, Art"]
[Black "Chabot, Cedric"]
[Result "1/2-1/2"]
[WhiteElo "1865"]
[BlackElo "1817"]
[PlyCount "54"]
[EventDate "1999.??.??"]
[EventType "tourn (corr)"]
[EventRounds "4"]
[SourceTitle "Corr 2008"]
[Source "ChessBase"]
[SourceDate "2008.06.24"]
[SourceVersion "1"]
[SourceVersionDate "2008.06.24"]
[SourceQuality "1"]

1. d4 Nf6 2. c4 g6 3. Nc3 d5 4. cxd5 Nxd5 5. Qb3 Nxc3 6. bxc3 c5 7. Nf3 Bg7 8. e3 0-0 9. Bd3 Nd7 10. Ba3 Qa5 11. 0-0 b5 12. dxc5 Bxc3 13. Rab1 b4 14. Bxb4 Bxb4 15. Qxb4 Qxb4 16. Rxb4 Nxc5 17. Bc4 Bf5 18. h3 Rab8 19. Rxb8 Rxb8 20. Nd4 Bd3 21. Bxd3 Nxd3 22. Nc6 Rb2 23. a4 Ra2 24. Nxe7+ Kg7 25. Nc6 Rxa4 26. Rd1 Nb4 27. Nxb4 Rxb4 1/2-1/2

[Event "IECC CL3-1999.24"]
[Site "IECC email"]
[Date "1999.06.04"]
[Round "?"]
[White "Malm, Art"]
[Black "Hermans, Marcel M"]
[Result "1/2-1/2"]
[WhiteElo "1876"]
[BlackElo "1957"]
[PlyCount "83"]
[EventDate "1999.??.??"]
[EventType "tourn (corr)"]
[EventRounds "4"]
[SourceTitle "Corr 2008"]
[Source "ChessBase"]
[SourceDate "2008.06.24"]
[SourceVersion "1"]
[SourceVersionDate "2008.06.24"]
[SourceQuality "1"]

1. d4 d5 2. c4 c6 3. Nc3 Nf6 4. f3 dxc4 5. e4 b5 6. Bf4 e6 7. Nge2 Bb7 8. g4 b4 9. Na4 Nbd7 10. Ng3 h5 11. g5 h4 12. gxf6 hxg3 13. fxg7 Bxg7 14. Bxg3 Qg5 15. Bf2 c5 16. Bxc4 0-0-0 17. Qc1 Qxc1+ 18. Rxc1 Bxd4 19. Bxd4 cxd4 20. Bxe6+ Kb8 21. Bxd7 Rxd7 22. h4 f5 23. Nc5 Re7 24. h5 fxe4 25. fxe4 Bxe4 26. Nxe4 Rxe4+ 27. Kd2 Re5 28. h6 Re6 29. Rc4 a5 30. Rh5 Rexh6 31. Rb5+ Ka7 32. Rxa5+ Kb6 33. Re5 Rh2+ 34. Kc1 Rh1+ 35. Kc2 R1h2+ 36. Kd3 R8h3+ 37. Kxd4 Rh4+ 38. Re4 Rxe4+ 39. Kxe4 Kb5 40. b3 Rxa2 41. Rd4 Rb2 42. Rd3 1/2-1/2

[Event "IECC STA email"]
[Site "IECC email"]
[Date "1999.04.20"]
[Round "?"]
[White "Smith, Chuck"]
[Black "Malm, Art"]
[Result "1/2-1/2"]
[WhiteElo "1932"]
[BlackElo "1908"]
[PlyCount "67"]
[EventDate "1999.??.??"]
[EventType "tourn (corr)"]
[EventRounds "6"]
[SourceTitle "Corr 2008"]
[Source "ChessBase"]
[SourceDate "2008.06.24"]
[SourceVersion "1"]
[SourceVersionDate "2008.06.24"]
[SourceQuality "1"]

1. e4 e5 2. Nf3 c6 3. Nxe5 Nf6 4. Bc4 d5 5. exd5 cxd5 6. Bb5+ Nbd7 7. 0-0 Bd6 8. Nxd7 Bxd7 9. Re1+ Kf8 10. Bxd7 Qxd7 11. d4 Qf5 12. g3 Rc8 13. Nc3 h6 14. Bd2 a6 15. Rc1 Kg8 16. a3 b5 17. a4 b4 18. Na2 Ne4 19. Re2 Rc4 20. Be3 Kh7 21. Qd3 Qg6 22. b3 Rc6 23. f3 Nc3 24. Qxg6+ Kxg6 25. Nxc3 Rxc3 26. Kf2 Rhc8 27. Ke1 h5 28. f4 h4 29. Kf2 Be7 30. g4 f5 31. h3 Kf6 32. g5+ Kf7 33. Kg2 Bd6 34. Kf3 1/2-1/2

[Event "IECC CL3-1999.07"]
[Site "IECC email"]
[Date "1999.01.02"]
[Round "?"]
[White "Malm, Art"]
[Black "De Leeuw, Dirk"]
[Result "0-1"]
[WhiteElo "1948"]
[BlackElo "1910"]
[PlyCount "58"]
[EventDate "1999.??.??"]
[EventType "tourn (corr)"]
[EventRounds "4"]
[SourceTitle "Corr 2008"]
[Source "ChessBase"]
[SourceDate "2008.06.24"]
[SourceVersion "1"]
[SourceVersionDate "2008.06.24"]
[SourceQuality "1"]

1. d4 Nf6 2. c4 e6 3. Nf3 b6 4. g3 c5 5. e3 d5 6. cxd5 exd5 7. Nc3 Be7 8. Bb5+ Bd7 9. dxc5 Bxb5 10. Nxb5 bxc5 11. g4 h6 12. Qa4 0-0 13. h4 Ne4 14. Nd2 Nxd2 15. Bxd2 Bxh4 16. Rc1 Nd7 17. Ke2 Nb6 18. Qa6 Nc4 19. Bc3 Qg5 20. Rcg1 Rae8 21. Rh3 f5 22. Rxh4 Rxe3+ 23. Kf1 Qxh4 24. Qb7 d4 25. Qd5+ Kh7 26. Qh1 Rh3 27. Qg2 fxg4 28. Ke2 g3 29. Bxd4 cxd4 0-1

[Event "IECC Swiss email"]
[Site "IECC email"]
[Date "1998.11.27"]
[Round "4"]
[White "Magalhaes, Joao Flavio"]
[Black "Malm, Art"]
[Result "1/2-1/2"]
[WhiteElo "1564"]
[BlackElo "2063"]
[PlyCount "114"]
[EventDate "1998.??.??"]
[EventType "tourn (corr)"]
[EventRounds "6"]
[SourceTitle "Corr 2008"]
[Source "ChessBase"]
[SourceDate "2008.06.24"]
[SourceVersion "1"]
[SourceVersionDate "2008.06.24"]
[SourceQuality "1"]

1. e4 e5 2. Nf3 Nc6 3. d4 exd4 4. Nxd4 Nf6 5. Nxc6 bxc6 6. e5 Qe7 7. Qe2 Nd5 8. c4 Ba6 9. Qe4 Nf6 10. Qe2 Nd5 11. b3 Qh4 12. Bb2 Bb4+ 13. Nd2 Nc3 14. Bxc3 Bxc3 15. 0-0-0 Qg5 16. g3 Qe7 17. Kc2 Bb4 18. Kb1 0-0 19. Qe4 f6 20. exf6 Qxf6 21. c5 Bxf1 22. Rhxf1 Qf5 23. Qxf5 Rxf5 24. Ne4 Rd8 25. Rc1 Re8 26. Rc4 a5 27. f3 Rd5 28. Kb2 Ree5 29. Rfc1 Bd2 30. R1c2 Be3 31. Ka3 Re8 32. Ka4 Rf8 33. f4 Ra8 34. Re2 Bd4 35. Rd2 Bg1 36. Rg2 Be3 37. h4 Rd3 38. Rgc2 Rd1 39. Re2 Rd3 40. Ka3 a4 41. Kb2 axb3 42. axb3 Rb8 43. b4 Ra8 44. Kc2 Raa3 45. h5 Kf8 46. Re1 Bd4 47. g4 Be3 48. f5 Bf4 49. Ra1 Rxa1 50. Kxd3 Rg1 51. Nf2 Rg3+ 52. Ke2 Re3+ 53. Kd1 Bg3 54. Ne4 Be5 55. Nf2 Rf3 56. Ke2 Rc3 57. Re4 Bf6 1/2-1/2